000 00825nam a22002777a 4500
001 9070
003 FISKH
005 20251118153019.0
008 251118b cb ||||| |||| 00| 0 eng d
020 _a9780590442800
040 _aFISKH
_beng
_cFISKH
_dFISKH
050 _aPZ7.B7633 C
082 _a813
100 _aBridwell, Norman
245 _aClifford's kitten /
_cStory and pictures by Norman Bridwell
260 _aNew York :
_bScholastic,
_c1984.
300 _a30 unnumbered pages :
_bcolor illustrations ;
_c21 cm
490 _aClifford the Big Red Dog
505 _aG
520 _aClifford and Emily care for a lost kitten, until a boy comes to claim him.
521 8 _a410
_bLexile
521 8 _aG
_bRaz-Plus
650 _aAnimals
_vFriendship
_xCats
942 _2ddc
_cBK
_n0
999 _c9070
_d9070